Missing Words: Two-Word Artists in Film and Song Titles Quiz Stats

Quiz Updated Aug 21, 2016

Challenge
Share
Tweet
Embed
Score 0/20 Timer 05:00
0 Plays Today
Film, Song Two Word Artist % Correct
The _____ Mile
A _____ in the Life
Green Day
97.3%
Look Who's _____
_____ Will Roll
Talking Heads
89.7%
_____ Harbor
Pump Up the _____
Pearl Jam
88.7%
_____ Impact
_____ Rain
Deep Purple
83.3%
The _____ Red Line
Dizzy Miss _____
Thin Lizzy
71.9%
Pretty in _____
_____ the Barber
Pink Floyd
66.9%
_____ Country for Old Men
Sense of _____
No Doubt
60.6%
_____ on a Hot Tin Roof
The _____ of Love
Cat Power
58.4%
All _____ on the Western Front
Teen Age _____
Quiet Riot
58.2%
Blood _____.
Suspicious _____
Simple Minds
56.2%
Film, Song Two Word Artist % Correct
_____ Lieutenant
Losing My _____
Bad Religion
55%
We Need to _____ About Kevin
_____ Show Host
Talk Talk
52%
The Portrait of a ____
Radio _____
Lady Gaga
50.2%
_____ Tub Time Machine
Cigarettes And _____ Milk
Hot Chocolate
49.2%
The Time _____
Can't Get You Out of My _____
Machine Head
46.5%
_____ Max
Time of the _____
Mad Season
40.2%
_____ Gilmore
I Don't Like _____
Happy Mondays
39%
Meet Joe _____
White _____
Black Flag
35%
______ of the Jungle
The Ballad of _____ Valentine
George Michael
21.5%
_____ About Eve
The _____ Are Coming
All Saints
21.3%

Today's Daily Dose

Missing Word
NPR Programs

Quick Pick
1991 Events

On This Day
June 18th II

You're not logged in!

Compare scores with friends on all Sporcle quizzes.
Join for Free
OR
Log In

You Might Also Like...

Show Comments

Extras

Top Quizzes Today


Score Distribution

Your Account Isn't Verified!

In order to create a playlist on Sporcle, you need to verify the email address you used during registration. Go to your Sporcle Settings to finish the process.

Report this User

Report this user for behavior that violates our Community Guidelines.

Details: